| 000 | 00881nam a2200265 i 4500 | ||
|---|---|---|---|
| 001 | 110686 | ||
| 003 | ES-MaACL | ||
| 005 | 20230906185131.0 | ||
| 007 | t| | ||
| 008 | 070119s1986 sp ||||1| spa d | ||
| 020 | _a84-7046-421-3 | ||
| 080 | _a001"13/16"(04) | ||
| 100 | 1 |
_aMínguez Pérez, Carlos. _981354 |
|
| 245 | 1 | 0 |
_aDe Ockham a Newton _b: la formación de la ciencia moderna / _cCarlos Mínguez Pérez ; prólogo de Fernándo Montero Moliner. |
| 260 |
_aMadrid : _bCincel, _c1986. |
||
| 300 |
_a199 p. Indice ; _c19 cm. |
||
| 490 | 1 |
_aHistoria de la filosofía ; _v10 |
|
| 504 | _aBibliografía: p. 197-199. | ||
| 650 | 1 | 4 |
_aCiencia- _yS.V-XV. _910960 |
| 650 | 1 | 4 |
_aCiencia- _yS.XVI-XVII. _910963 |
| 700 | 1 |
_aMontero Moliner, Fernando. _9185661 |
|
| 830 | 0 |
_aHistoria de la filosofía ; _v10 _9181726 |
|
| 852 |
_aES-MaACL _jL-15576 |
||
| 999 |
_c110686 _d110686 |
||